Symbol and Archetype (Record no. 347645)

000 -LEADER
fixed length control field 00547 a2200205 4500
003 - CONTROL NUMBER IDENTIFIER
control field OSt
005 - DATE AND TIME OF LATEST TRANSACTION
control field 20180116182855.0
008 - FIXED-LENGTH DATA ELEMENTS--GENERAL INFORMATION
fixed length control field 161124b xxu||||| |||| 00| 0 eng d
020 ## - INTERNATIONAL STANDARD BOOK NUMBER
International Standard Book Number 9695190111
040 ## - CATALOGING SOURCE
Transcribing agency 0
082 ## - DEWEY DECIMAL CLASSIFICATION NUMBER
Classification number 203.7 LIN 2000
100 ## - MAIN ENTRY--PERSONAL NAME
Personal name Lings,Martin
245 ## - TITLE STATEMENT
Title Symbol and Archetype
Statement of responsibility, etc. Martin Lings
250 ## - EDITION STATEMENT
Edition statement 1st
260 ## - PUBLICATION, DISTRIBUTION, ETC.
Place of publication, distribution, etc. Lahore
Name of publisher, distributor, etc. Suhail Academy
Date of publication, distribution, etc. 2000
300 ## - PHYSICAL DESCRIPTION
Extent 141p
Other physical details HB.
440 ## - SERIES STATEMENT/ADDED ENTRY--TITLE
Title Symbol and Archetype:A Study of the Meaning of Existence
500 ## - GENERAL NOTE
General note Hard cover
942 ## - ADDED ENTRY ELEMENTS (KOHA)
Institution code [OBSOLETE] NBS
Koha item type Book
Call number prefix 203.7 LIN 2000
Source of classification or shelving scheme
Holdings
Withdrawn status Lost status Damaged status Not for loan Permanent Location Current Location Date acquired Total Checkouts Full call number Barcode Date last seen Price effective from Koha item type Date last checked out
        Central Library (CL) Central Library (CL) 08/28/2013   297.37 LIN NBSD-1312 08/28/2013 08/28/2013 Book  
        Central Library (CL) Central Library (CL) 08/28/2013 1 297.37 LIN NBSD-1313 06/24/2025 08/28/2013 Book 11/04/2019
© 2023 Central Library, National University of Sciences and Technology. All Rights Reserved.